Normal view
MARC view
Entry Personal Name
001 - CONTROL NUMBER
- control field: 17990
003 - CONTROL NUMBER IDENTIFIER
- control field: HDC
005 - DATE AND TIME OF LATEST TRANSACTION
- control field: 20230624073525.0
008 - FIXED-LENGTH DATA ELEMENTS
- fixed length control field: 210302|| aca||aabn | a|a d
040 ## - CATALOGING SOURCE
- Original cataloging agency: HDC
- Transcribing agency: HDC
100 ## - HEADING--PERSONAL NAME
- Personal name: Zan Azlee
670 ## - SOURCE DATA FOUND
- Source citation: Work cat.: (HDC): Zan Azlee, author, EIGHT TRADITIONAL MALAY KUIH THAT SHOULD NOT GET HALAL CERTIFICATION /, 2016
